| 000 | 01475cam a22003858a 4500 | ||
|---|---|---|---|
| 999 |
_c28570 _d28541 |
||
| 001 | 7750744 | ||
| 003 | EG-ScBUE | ||
| 005 | 20200823094323.0 | ||
| 008 | 050729s2006 enka f b 000 0 eng d | ||
| 020 | _a0415384206 (pbk. : alk. paper) | ||
| 020 | _a9780415384209 | ||
| 035 | _a(OCoLC)ocn682733950 | ||
| 035 | _a(DLC) 2005022224 | ||
| 035 | _a40560870 | ||
| 035 | _a7750744 | ||
| 040 |
_aDLC _beng _erda _cDLC _dDLC _dEG-ScBUE |
||
| 082 | 0 | 4 |
_a808.0428 _bBAI _222 |
| 100 | 1 |
_aBailey, Stephen, _d1947- _eauthor. |
|
| 245 | 1 | 0 |
_aAcademic writing : _ba handbook for international students / _cStephen Bailey. |
| 250 | _aSecond edition. | ||
| 264 | 1 |
_aMilton Park, Abingdon, Oxon ; _aNew York, NY : _bRoutledge, Taylor and Francis Group, _c2006. |
|
| 300 |
_aviii, 260 pages : _billustrations ; _c25 cm |
||
| 336 |
_2rdacontent _atext _btxt |
||
| 337 |
_2rdamedia _aunmediated _bn |
||
| 338 |
_2rdacarrier _avolume _bnc |
||
| 504 | _aIncludes bibliographical references. | ||
| 650 | 7 |
_aEnglish language _xRhetoric _vHandbooks, manuals, etc. _2BUEsh |
|
| 650 | 7 |
_aEnglish language _vTextbooks for foreign speakers. _2BUEsh |
|
| 650 | 7 |
_aAcademic writing _vHandbooks, manuals, etc. _2BUEsh |
|
| 653 |
_bHHUUEENN _cJuly2020 |
||
| 655 |
_vReading book _934232 |
||
| 856 | 4 | 1 |
_3Table of contents only _uhttp://www.loc.gov/catdir/toc/ecip0517/2005022224.html |
| 856 | 4 | 2 |
_3Publisher description _uhttp://www.loc.gov/catdir/enhancements/fy0654/2005022224-d.html |
| 942 |
_2ddc _cBB |
||